| 000 | 00511nam a2200205Ia 4500 | ||
|---|---|---|---|
| 003 | OSt | ||
| 005 | 20240925104854.0 | ||
| 008 | 240126s9999 xx 000 0 und d | ||
| 020 | _a9789386374721 | ||
| 040 | _c0 | ||
| 041 | _aEnglish | ||
| 082 | _a343.5407 CHA;1 R | ||
| 100 | _aChatterji, Souvik. | ||
| 245 | 0 | _aCompetition law in India and interface with sectoral regulators | |
| 250 | _a1st ed. | ||
| 260 |
_bThomas Reuters _aLondon |
||
| 300 | _axiii, 990 | ||
| 440 | _aNULL | ||
| 942 |
_cLL _2ddc |
||
| 999 |
_c290207 _d290207 |
||